00724 2200193 4500001002100000005001500021035002000036245016400056100002400220250002000244300005100264856002200315700009400337260004100431082000800472084001400480020001800494600001800512INLIS00000000114823520260407123302 a0010-04260000801 aTAZ... BUKU MEWARNAI SUPER BESAR TAZ /cPenulis.; Giant Book To Color.; Penerjemaah.; ariata.; Setting.; Nadhia.; Modifikasi Desain cover.; Wiskhak.; Korektor.0 aGiant Book To Color aCetakan pertama a112 halaman :bIlustrasi ;c20 x 28 Cmekertas aperpustakaan umum0 a; Penerjemaah.; ariata.; Setting.; Nadhia.; Modifikasi Desain cover.; Wiskhak.; Korektor. aYogyakarta :bPerpusnas (KDT),c2015 a397 a397 GIA t a9789782958034 4abuku mewarnai